|
|
|
|
| LEADER |
00000nam0a2200000 4500 |
| 001 |
263576 |
| 005 |
20231101233742.0 |
| 035 |
|
|
|a (RuTPU)RU\TPU\book\286564
|
| 090 |
|
|
|a 263576
|
| 100 |
|
|
|a 20140609d1988 m y0rusy50 ca
|
| 101 |
0 |
|
|a rus
|
| 102 |
|
|
|a LT
|
| 105 |
|
|
|a a j 001zy
|
| 200 |
1 |
|
|a Совершенствование хозяйственного механизма
|e учебное пособие
|f Рижский политехнический институт ; под ред. Л. И. Гамрат-Курека
|
| 210 |
|
|
|a Рига
|c Изд-во Рижского политехнического ин-та
|d 1988
|
| 215 |
|
|
|a 89 с.
|c ил.
|
| 606 |
1 |
|
|a Машиностроительные заводы
|x Экономика
|2 stltpush
|3 (RuTPU)RU\TPU\subj\41633
|9 61421
|
| 610 |
1 |
|
|a машиностроительные предприятия
|
| 610 |
1 |
|
|a хозрасчет
|
| 610 |
1 |
|
|a самофинансирование
|
| 610 |
1 |
|
|a новая техника
|
| 610 |
1 |
|
|a оплата труда
|
| 610 |
1 |
|
|a гибкие производственные модули
|
| 610 |
1 |
|
|a интенсификация
|
| 610 |
1 |
|
|a экономический анализ
|
| 610 |
1 |
|
|a учебные пособия
|
| 675 |
|
|
|a 621.002:658(075.8)
|v 3
|
| 702 |
|
1 |
|a Гамрат-Курек
|b Л. И.
|4 340
|
| 712 |
0 |
2 |
|a Рижский политехнический институт
|2 stltpush
|3 (RuTPU)RU\TPU\col\7561
|9 24345
|
| 801 |
|
1 |
|a RU
|b 63413507
|c 20140609
|
| 801 |
|
2 |
|a RU
|b 63413507
|c 20150206
|g RCR
|
| 942 |
|
|
|c BK
|